| 000 | 00455nam a22001697a 4500 | ||
|---|---|---|---|
| 999 |
_c12028 _d12028 |
||
| 008 | 210118b ||||| |||| 00| 0 eng d | ||
| 082 | 0 | 0 |
_a623.8503 _bW3371 |
| 100 |
_91 _aWatson, G. O. |
||
| 245 | 1 | 0 |
_aMarine electrical practice _cBy G. O. Watson |
| 250 | _a3rd ed. | ||
| 260 |
_aLondon _bGeorge Newnes Ltd _c1967 |
||
| 300 | _a462 p. | ||
| 365 | _d45.00 | ||
| 504 | _aMarine Engineering Series | ||
| 650 | 0 | _aShips--Electric equipment | |
| 942 | _cBK | ||